| 000 | 00500nam a2200181 4500 | ||
|---|---|---|---|
| 003 | SEACOMEC | ||
| 005 | 20260514122739.0 | ||
| 008 | 260514b |||||||| |||| 00| 0 eng d | ||
| 020 |
_c360 _a978-8125940005 |
||
| 040 | _aSEACOMEC | ||
| 082 |
_a620.0422 _bJ59 |
||
| 100 | _aJeyapoovan,T. | ||
| 245 | 1 |
_aEngineering drawing and graphics: using auto CAD _cT. Jeyapoovan |
|
| 250 | _a3rd ed. | ||
| 260 |
_aKolkata _bVikas _c2010 |
||
| 650 |
_aTechnology _vEngineering and allied operations |
||
| 942 | _cGBK | ||
| 999 |
_c2679 _d2679 |
||